Analýza zvarov hyperspektrálnou kamerou

Guardado en:
Detalles Bibliográficos
Autor principal: Holecová, Silvia (Autor)
Otros Autores: Duchoň, František (Orientador)
Formato: Manuscrito Libro
Lenguaje:eslovaco
Publicado: Bratislava : STU v Bratislave FEI, 2021
Materias:
Acceso en línea:https://opac.crzp.sk/?fn=detailBiblioForm&sid=2DF2AC71C78DA39E9FF0B2873752&seo=CRZP-detail-kniha
Etiquetas: Agregar Etiqueta
Sin Etiquetas, Sea el primero en etiquetar este registro!

MARC

LEADER 00000ntm a22000003a 4500
001 stuzp82548
003 SK-STU
005 20211208094842.0
007 ta
008 150427s2015----xo-----f-mn---000-0-slo-d
040 |a STU  |b slo 
041 0 |a slo 
044 |a xo 
100 1 |a Holecová, Silvia  |u 031000  |4 aut  |U FEI Fakulta elektrotechniky a informatiky  |T FEI Ústav robotiky a kybernetiky  |X 79555  |U E011  |Y 356  |7 79555 
242 0 1 |a Analysis of Welds by Hypespectral Imaging  |y eng 
245 1 0 |a Analýza zvarov hyperspektrálnou kamerou 
260 |a Bratislava :  |b STU v Bratislave FEI,  |c 2021 
300 |a 74 s., príl. 
650 4 |a hyperspektrálne zobrazovanie  |2 slo 
650 4 |a analýza zvarov  |2 slo 
650 4 |a MATLAB  |2 slo 
650 4 |a hyperspectral imaging  |2 eng 
650 4 |a weld analysis  |2 eng 
650 4 |a MATLAB  |2 eng 
700 1 |a Duchoň, František  |u 031000  |k Z1  |4 ths  |U FEI Fakulta elektrotechniky a informatiky  |T FEI Ústav robotiky a kybernetiky  |X 10329  |U E011  |Y 356  |7 A000010329 
856 4 |u https://opac.crzp.sk/?fn=detailBiblioForm&sid=2DF2AC71C78DA39E9FF0B2873752&seo=CRZP-detail-kniha